000 00833cam a2200253 4500
001 29422
003 BD-RjUL
005 20211209051418.0
008 140403s1969 caua b 001 0 eng d
035 _a(BD-RjUL)29507
040 _aDLC
_cDLC
_dDLC
_dBD-RjUL
_beng
041 _aeng
082 0 0 _a157
_bABN 1969
245 1 0 _aAbnormal psychology :
_breadings in theory and research /
_cEdited by Eugene A. Southwell and Herman Feldman.
260 _aBelmont, Calif. :
_bBrooks/Cole Pub. Co.,
_c1969.
300 _aix, 389 p. :
_billus. ;
_c26 cm.
504 _aIncludes bibliographical references. and Index
650 0 _aPsychology, Pathological.
_989710
700 1 _aSouthwell, Eugene A.,
_d1927-
_ejoint comp.
_989711
700 1 _aFeldman, Herman,
_989712
942 _2ddc
_cBK
999 _c29422
_d29422